| 000 | 01196nam a2200253 a 4500 | ||
|---|---|---|---|
| 001 | 000026982 | ||
| 003 | DO-SdBNP | ||
| 005 | 20220525090806.0 | ||
| 007 | ta | ||
| 008 | 110328s1986 dr 000 0 spa d | ||
| 040 |
_aDO-SdBNP _bspa _cBNPHU |
||
| 082 | 4 |
_a324.63 _bC719n _222 |
|
| 111 | 2 |
_aColoquio Experiencias del Sistema Electoral : evaluación y perspectivas _d(1986 : _cSanto Domingo _954080 |
|
| 245 | 1 | 1 | _aY nadie sabe quíen es su legislador ... |
| 260 |
_aSanto Domingo : _bUniversidad APEC, _bFundación Friedrich Ebert, _c1986. |
||
| 300 |
_a89 p. ; _c23 cm. |
||
| 505 | 0 |
_aPartidos políticos y dinámica electoral 1966-1986 -- _tLa experiencia de la comisión de asesores electorales -- _tLa organización de un proceso electoral: la experiencia de 1986 -- _tPanel: El congreso ante el sistema electoral -- _tPalabras finales. |
|
| 590 | _aInventariado, 2019/MFF | ||
| 650 | 4 |
_aSufragio _xRepública dominicana _vCongresos, confeencias, etc. _954081 |
|
| 650 | 4 |
_aElecciones _zRepública Dominicana _vCongresos, conferemcias, etc. _954082 |
|
| 710 | 2 |
_aAcción Pró Educación y Cultura (República Dominicana) _97810 |
|
| 910 | _aValidado. Control de calidad EMS | ||
| 942 |
_2ddc _cLBS1 |
||
| 999 |
_c26474 _d26474 |
||